| 000 | nam a22 7a 4500 | ||
|---|---|---|---|
| 999 |
_c126846 _d126846 |
||
| 008 | 170830b xxu||||| |||| 00| 0 eng d | ||
| 050 | _aBT65.B313 | ||
| 100 |
_aBarth, Karl _99351 |
||
| 245 |
_aEvangelical Theology _ban introduction |
||
| 260 |
_aNew York _bAnchor Books _c1963 |
||
| 300 |
_axii, 184p. ; _c18cm. |
||
| 650 |
_aTheology, Doctrinal _xIntroduction _935431 |
||
| 942 |
_2lcc _cMONOGRAPH |
||